000 01790cam a2200133 4500500
005 20251214001917.0
041 _afre
042 _adc
100 1 0 _aSubra, Philippe
_eauthor
245 0 0 _aGéopolitique de l'aménagement du territoire - 3e éd.
260 _bArmand Colin,
_c2018.
520 _aZAD de Sivens et Notre-Dame-des-Landes, menaces sur les petites lignes ferroviaires, contestation des parcs d’éoliennes, du projet Europacity au nord de Paris ou de celui de la Ferme des 1 000 Vaches dans la Somme… les conflits autour des questions d’aménagement du territoire n’ont cessé de se multiplier ces dernières années, illustrant la crise profonde que traverse le modèle français. Une crise économique, urbaine, sociale, culturelle, et, surtout, géopolitique. L’emploi du terme peut surprendre, car il est le plus souvent associé à des conflits entre États ou entre groupes ethniques. Ici pas de massacres ou d’armées en mouvement, mais des manifestations et du lobbying. Les acteurs sont différents – élus locaux, entreprises, chambres de commerce, administrations, associations –, mais les rivalités qui les opposent portent elles aussi sur des territoires. Chaque conflit, chaque débat sur un projet ou une politique d’aménagement est ainsi l’occasion de rediscuter de l’intérêt général. Comment intégrer les nouvelles aspirations de la société, l’apparition de nouveaux acteurs et de nouvelles pratiques, comme la concertation, pour renforcer l’efficacité de l’action publique  ? C’est à l’exploration de cette question qu’est consacrée la nouvelle édition de cet ouvrage.
856 4 1 _uhttps://shs.cairn.info/geopolitique-de-l-amenagement-du-territoire--9782200621186?lang=fr&redirect-ssocas=7080
999 _c1566566
_d1566566